Real and abstract analysis: a modern treatment of the theory of functions of a real variable
Gardado en:
| Autor Principal: | |
|---|---|
| Formato: | Libro |
| Idioma: | inglés |
| Publicado: |
Nueva York
Springer-Verlag
1965
|
| Subjects: | |
| Tags: |
Engadir etiqueta
Sen Etiquetas, Sexa o primeiro en etiquetar este rexistro!
|
MARC
| LEADER | 00000cam a2200000 a 4500 | ||
|---|---|---|---|
| 001 | UCP1398 | ||
| 003 | CL-VaPUC | ||
| 008 | 990409e19650000US |||||||||||||||||eng|d | ||
| 082 | 0 | 4 | |a 515.8 |b HEW |2 21 |
| 100 | 0 | |a Hewitt, Edwin |e author |9 427427 | |
| 245 | 1 | 0 | |a Real and abstract analysis: a modern treatment of the theory of functions of a real variable |
| 300 | |a 476 p | ||
| 942 | |c BK | ||
| 945 | |d 19990409 00:00:00 |a crobeson | ||
| 260 | |a Nueva York |b Springer-Verlag |c 1965 | ||
| 650 | 0 | |a Funciones de variables reales |9 304566 | |
| 650 | 0 | |a Función continua |9 422301 | |
| 650 | 7 | |a INTEGRALES DE RIEMANN |2 CL-VaPUC |9 426287 | |
| 650 | 7 | |a ESPACIOS DE BANACH |2 CL-VaPUC |9 260167 | |
| 650 | 0 | |a Espacio de Hilbert |9 260141 | |
| 650 | 7 | |a FUNCIONES DIFERNCIABLES |2 CL-VaPUC |9 427428 | |
| 583 | |a last modification |c 20121112 10:54:42 |k Rodrigo Vera | ||
| 999 | |c 280078 |d 280076 | ||
| 952 | |0 0 |1 0 |4 0 |6 515_800000000000000_HEW_1965 |7 0 |8 A |9 320075 |a BIBMAT |b BIBMAT |d 2019-11-20 |i 1340433 |l 1 |o 515.8 HEW 1965 |p 1340433 |r 2025-01-07 |s 2022-03-22 |w 2019-11-20 |y BK |k MAT | ||
| 952 | |0 0 |1 0 |4 0 |6 515_800000000000000_HEW_1965 |7 0 |8 A |9 320077 |a BIBMAT |b BIBMAT |d 2019-11-20 |i 134045K |o 515.8 HEW 1965 |p 134045K |r 2025-01-07 |w 2019-11-20 |y BK |k MAT | ||
| 952 | |0 0 |1 0 |4 0 |6 515_800000000000000_HEW_1965 |7 0 |8 A |9 320079 |a BIBMAT |b BIBMAT |d 2019-11-20 |i 4918169 |o 515.8 HEW 1965 |p 4918169 |r 2025-01-07 |w 2019-11-20 |y BK |k MAT | ||